006650000a220009700045001000021000002450082000213000039001035200334001426500034004767730057005101 aBardisa, Teresa.10aAnálisis de prácticas escolares. Para interpretar la convivencia escolar. ano.44 (may. - jun., 2010),p, 50-58 aEn este artículo presentamos un modelo para abordar el análisis de la convivencia en los centros y un apartado de la guía didáctica, en la que se describe mediante un ejemplo, el análisis de una práctica escolar concreta, del curso de experto Universitario en convivencia social en línea que compartimos en la UNED.14aEDUCACION - ASPECTOS SOCIALES0 tRevista internacional magisterio : educación y ped